000 00695nam a2200253Ia 4500
003 OSt
005 20220918220537.0
006 a|||||r|||| 00| 0
007 ta
008 220917b |||||||| |||| 00| 0 eng d
024 _a146,353
037 _cTextual
040 _aARTS
_cARTS
_beng
041 _2eng
_aeng
082 _aY9(X8(A)):1, L6
100 _aMeakin David
_9137744
245 0 _aMan and work
_b Literature and culture in industrial society
260 _aLondon
_bMethuen
_c1976
300 _aviii, 215p.
_ccm.
500 _aBibliography p208-212
650 _aSOCIOLOGY
942 _hY9(X8(A)):1, L6
_cTEXL
_2CC
999 _c269109
_d269109